Емкостные датчики неэлектрических величин: пер. с чеш.

গ্রন্থ-পঞ্জীর বিবরন
প্রধান লেখক: Форейт И.
ভাষা:রুশ
প্রকাশিত: Москва, Энергия, 1966
মালা:Библиотека по автоматике Вып. 213
বিষয়গুলি:
বিন্যাস: গ্রন্থ
KOHA link:https://koha.lib.tpu.ru/cgi-bin/koha/opac-detail.pl?biblionumber=192565

MARC

LEADER 00000nam0a2200000 4500
001 192565
005 20231031181416.0
035 |a (RuTPU)RU\TPU\book\209981 
090 |a 192565 
100 |a 20110303d1966 km y0rusy50 ca 
101 1 |a rus  |c cze 
102 |a RU 
105 |a a z 001zy 
200 1 |a Емкостные датчики неэлектрических величин  |e пер. с чеш.  |f И. Форейт 
210 |a Москва  |a Ленинград  |c Энергия  |d 1966 
215 |a 158 с.  |c ил. 
225 1 |a Библиотека по автоматике  |v Вып. 213 
320 |a Библиогр.: с. 152-159. 
610 1 |a емкостные датчики 
610 1 |a типы 
610 1 |a свойства 
610 1 |a измерительные схемы 
610 1 |a применение 
610 1 |a практические примеры 
675 |a 681.2.082  |v 3 
700 1 |a Форейт  |b И. 
801 1 |a RU  |b 63413507  |c 20110303 
801 2 |a RU  |b 63413507  |c 20220701  |g RCR 
942 |c BK